Pierwsze stany USA, które zostały skolonizowane przez Europejczyków - Statystyki

Ogólne statystyki
  • Ten quiz został rozwiązany 29 razy
  • Średni wynik to 7 z 11
Statystyki odpowiedzi
Rok Skolonizowany przez... Miasto Stan % Poprawnych
1614 Holandia Albany Nowy Jork
100%
1565 Hiszpania St. Augustine Floryda
85%
1630 Holandia Pavonia (dzisiejsze Jersey City) New Jersey
73%
1631 Wielka Brytania Biddeford Maine
69%
1620 Wielka Brytania Plymouth Massachusetts
69%
1633 Wielka Brytania Windsor Connecticut
58%
1607 Wielka Brytania Jamestown Wirginia
58%
1634 Wielka Brytania St. Mary's City Maryland
54%
1623 Wielka Brytania Dover New Hampshire
50%
1610 Hiszpania Santa Fe Nowy Meksyk
46%
1634 Francja Green Bay Wisconsin
19%
Nie znaleziono quizów pasujących do podanych kryteriów
Rozkład punktacji
Procent ludzi z każdym wynikiem
Percentyl według liczby udzielonych odpowiedzi
Twoja historia wyników
Nie rozwiązałeś tego quizu